| 000 | 01005nam a22002897a 4500 | ||
|---|---|---|---|
| 001 | 3822 | ||
| 003 | FISKH | ||
| 005 | 20260129080750.0 | ||
| 008 | 240515b cb ||||| |||| 00| 0 eng d | ||
| 020 | _a9780859531368 | ||
| 040 |
_aFISKH _beng _cFISKH _dFISKH |
||
| 050 | _aPZ8.3 | ||
| 082 | _a398.8 | ||
| 100 | _aKubler, Annie | ||
| 245 |
_aThe wheels on the bus : _bgo round and round / _cillustrated by Annie Kubler |
||
| 260 |
_aSwindon : _bChild's play ; _c2001 |
||
| 300 |
_a16 unnumbered pages : _bcolor illustrations ; _c21 cm . |
||
| 490 | _aClassic Books with Holes | ||
| 505 | _aF | ||
| 520 | _aIn this version of the classic song, the wheels go round, the wipers go swish, the driver says "Tickets Please!" and so on, all around the town. Features die-cut pages. | ||
| 521 | 8 |
_a300
_bLexile estimate |
|
| 521 | 8 |
_aF
_bRaz-Plus |
|
| 650 |
_atransportation _vchildren's fiction |
||
| 700 |
_aKubler, Annie _eillustrator |
||
| 942 |
_2ddc _cBK _n0 |
||
| 999 |
_c3822 _d3822 |
||